| 000 | 01090cam a2200301 a 4500 | ||
|---|---|---|---|
| 001 | 000011990 | ||
| 005 | 20200929162640.0 | ||
| 008 | 970312s1996 ck a bs 001 0 spa | ||
| 020 | _a9589574289 | ||
| 035 | _a(BoCbEI)ei 96301323 | ||
| 040 |
_aDO-SdBNP _cDLC |
||
| 043 | _as-ck--- | ||
| 082 |
_a388.1861 _bC932 |
||
| 245 | 0 | 3 |
_aLa crisis de la infraestructura vial / _cEduardo Sarmiento Palacios, director del estudio ... [et. al]. |
| 260 |
_aSantafé de Bogotá, Colombia : _bEscuela Colombiana de Ingeniería, _c1996. |
||
| 300 |
_axi, 205 p. : _bil. ; _c25 cm. |
||
| 500 | _aA la cabeza del título: Centro de Estudios Económicos. | ||
| 504 | _aIncluye referencias bibliográficas. | ||
| 650 | 4 |
_aInfraestructura (economía) _zColombia. _928375 |
|
| 650 | 4 |
_aCarreteras _928376 |
|
| 700 | 1 |
_aSarmiento Palacio, Eduardo _928377 |
|
| 700 | 1 |
_aCuervo Villafañe, Dario _928378 |
|
| 700 | 1 |
_aSilva, María Inés de _928379 |
|
| 700 | 1 |
_aMerchán Hammann, Rodrigo _928380 |
|
| 700 | 1 |
_aSantos Granados, Germán _928381 |
|
| 910 | _aCatalogación por copia / LC | ||
| 049 | _aBNGR | ||
| 999 |
_c11659 _d11659 |
||